| 000 | 00988nam a2200265Ia 4500 | ||
|---|---|---|---|
| 001 | 18338 | ||
| 003 | GE_BSU | ||
| 008 | 181216s||||||||xx |||||||||||||| ||und|| | ||
| 020 | _a9669605873 | ||
| 040 | _cGE_BSU | ||
| 080 | _a517.94 | ||
| 100 | _aДовгий,С.А., Лифанов, И.К. | ||
| 245 | _aМетоды решения интегральных уравнении | ||
| 245 | _bТеория и приложения | ||
| 245 | _cРед.Т.С.Мельник | ||
| 250 | _aНац.акад.наук Украины ин-т гидромеханики. Военный авиационный технич. ун-т им. Жуковского(Россия) | ||
| 260 | _aКиев | ||
| 260 | _bНаукова думка | ||
| 260 | _c2002 | ||
| 300 | _a343стр.22 см. | ||
| 300 | _eБиблиогр. стр.338-343 | ||
| 653 | _aМетоды решения интегральных уравнении | ||
| 653 | _aТеория и приложения | ||
| 942 | _cBK | ||
| 999 |
_c51356 _d51356 |
||